000 00474nam a2200181Ia 4500
001 3405
005 20260306145641.0
008 260306t1998||||xx |||||||||||||| ||spa||
041 _aESP
082 _a272.2
_bG91
100 _aGuibovich Pérez, Pedro
_eAUT
245 0 _aEn defensa de Dios:
_bestudios y documentos sobre la inquisición en el Perú
260 _c1998
300 _a244 páginas :
_c20 cm.
650 _aGEN
654 _aCHU
942 _cLIB
_dJUS
_fJUS
_2ddc
_n
999 _c3405
_d3405